[Event "EU-ch Rapid"]
[Site "Katowice"]
[Date "2021.12.18"]
[Round "2"]
[White "Lis, Mateusz"]
[Black "Bernadskiy, Vitaliy"]
[Result "1/2-1/2"]
[WhiteElo "2068"]
[BlackElo "2599"]
[PlyCount "97"]
[EventDate "2021.12.18"]
[EventType "swiss (rapid)"]
[EventRounds "11"]
[EventCountry "POL"]
[SourceTitle "CBM 205 Extra"]
[Source "ChessBase"]
[SourceDate "2022.01.31"]
[SourceVersion "1"]
[SourceVersionDate "2022.01.31"]
[SourceQuality "1"]

1. e4 c5 2. Nf3 d6 3. d4 cxd4 4. Nxd4 Nf6 5. Nc3 a6 6. Be3 e5 7. Nf3 Qc7 8. a4 Be7 9. Be2 0-0 10. 0-0 h6 11. a5 Be6 12. Qd3 Nbd7 13. Nd2 Nc5 14. Bxc5 Qxc5 15. Nc4 Rad8 16. Nb6 d5 17. exd5 Nxd5 18. Ncxd5 Bxd5 19. Nxd5 Rxd5 20. Qb3 Rd7 21. Bf3 Rc7 22. c3 Rd8 23. Qc2 Rcd7 24. Rfd1 g6 25. g3 Kg7 26. Rxd7 Rxd7 27. Rd1 Rxd1+ 28. Qxd1 Qxa5 29. Qd7 Qc5 30. Qxb7 a5 31. Kg2 Bd8 32. Bd5 Bc7 33. h4 e4 34. b4 Qxc3 35. bxa5 Qf3+ 36. Kg1 Qd1+ 37. Kg2 e3 38. Qb2+ Kg8 39. Bf3 Qd6 40. a6 exf2 41. Qxf2 Bb6 42. a7 Bxf2 43. a8Q+ Kh7 44. Kxf2 Qd4+ 45. Kg2 Qd2+ 46. Kh3 Qd7+ 47. g4 h5 48. Qe4 hxg4+ 49. Qxg4 1/2-1/2

[Event "POL-ch U18"]
[Site "Szklarska Poreba"]
[Date "2020.03.13"]
[Round "7"]
[White "Kokoszczynski, Jan"]
[Black "Lis, Mateusz"]
[Result "1-0"]
[WhiteElo "2314"]
[BlackElo "2036"]
[PlyCount "87"]
[EventDate "2020.03.07"]
[EventType "swiss"]
[EventRounds "8"]
[EventCountry "POL"]
[SourceTitle "CBM 195 Extra"]
[Source "ChessBase"]
[SourceDate "2020.05.31"]
[SourceVersion "1"]
[SourceVersionDate "2020.05.31"]
[SourceQuality "1"]

1. e4 c5 2. Nf3 Nc6 3. Bb5 g6 4. Bxc6 bxc6 5. 0-0 Bg7 6. Re1 Nf6 7. c3 0-0 8. d4 cxd4 9. cxd4 d6 10. Nc3 Bg4 11. h3 Bxf3 12. Qxf3 Nd7 13. Rd1 Qc7 14. Be3 e5 15. Rac1 exd4 16. Bxd4 Ne5 17. Qe2 c5 18. Nd5 Qb7 19. Bc3 Nc6 20. Bxg7 Kxg7 21. b4 Nd4 22. Rxd4 cxd4 23. Rc7 Qb8 24. Qc4 Qd8 25. Qxd4+ Kh6 26. Re7 Qc8 27. Qd2+ Kg7 28. Qd4+ Kh6 29. Qd2+ Kg7 30. Qf4 h5 31. Qf6+ Kg8 32. Nf4 Qc1+ 33. Kh2 h4 34. Ne6 Qh6 35. Nxf8 Rxf8 36. Qxd6 a6 37. a4 Qg5 38. Qe5 Qd2 39. Qf6 Qxb4 40. e5 Qd4 41. a5 Qc3 42. Qxa6 f6 43. Qe6+ Kh8 44. Qd7 1-0

[Event "Krakow op-A 30th"]
[Site "Krakow"]
[Date "2019.12.29"]
[Round "3"]
[White "Kucharska, Honorata"]
[Black "Lis, Mateusz"]
[Result "1/2-1/2"]
[WhiteElo "2179"]
[BlackElo "2128"]
[PlyCount "42"]
[EventDate "2019.12.27"]
[EventType "swiss"]
[EventRounds "9"]
[EventCountry "POL"]
[SourceTitle "CBM 195 Extra"]
[Source "ChessBase"]
[SourceDate "2020.05.31"]
[SourceVersion "1"]
[SourceVersionDate "2020.05.31"]
[SourceQuality "1"]

1. e4 c5 2. Nf3 Nc6 3. Bb5 d6 4. 0-0 Bd7 5. Re1 e6 6. c3 Nf6 7. d4 cxd4 8. cxd4 Be7 9. Nc3 a6 10. Bxc6 Bxc6 11. d5 Bd7 12. e5 dxe5 13. d6 Bf8 14. Nxe5 Qb6 15. Nxd7 Kxd7 16. Bf4 Rd8 17. Be5 Bxd6 18. Na4 Qc7 19. Rc1 Qb8 20. Bxd6 Qxd6 21. Qf3 Ke7 1/2-1/2

[Event "Krakow op-A 30th"]
[Site "Krakow"]
[Date "2019.12.28"]
[Round "2"]
[White "Lis, Mateusz"]
[Black "Sanz Wawer, Daniel"]
[Result "0-1"]
[WhiteElo "2128"]
[BlackElo "2212"]
[PlyCount "48"]
[EventDate "2019.12.27"]
[EventType "swiss"]
[EventRounds "9"]
[EventCountry "POL"]
[SourceTitle "CBM 195 Extra"]
[Source "ChessBase"]
[SourceDate "2020.05.31"]
[SourceVersion "1"]
[SourceVersionDate "2020.05.31"]
[SourceQuality "1"]

1. e4 c6 2. d4 d5 3. e5 c5 4. dxc5 e6 5. a3 Bxc5 6. Qg4 g6 7. b4 Be7 8. Bd3 a5 9. b5 Nd7 10. Qe2 Nxe5 11. Qxe5 Bf6 12. Qe2 Bxa1 13. c3 Qf6 14. Qc2 e5 15. Bd2 e4 16. Be2 Bf5 17. Be3 Rc8 18. b6 Kf8 19. Qb3 Rxc3 20. Qxd5 Rxe3 21. fxe3 Qxb6 22. Qa2 Be5 23. Bc4 Qxe3+ 24. Ne2 Nh6 0-1

[Event "Suwalki Warakomska Memorial 3rd"]
[Site "Suwalki"]
[Date "2019.08.08"]
[Round "5"]
[White "Lis, Mateusz"]
[Black "Kiolbasa, Oliwia"]
[Result "1/2-1/2"]
[WhiteElo "2079"]
[BlackElo "2244"]
[PlyCount "59"]
[EventDate "2019.08.05"]
[EventType "swiss"]
[EventRounds "9"]
[EventCountry "POL"]
[SourceTitle "CBM 191 Extra"]
[Source "ChessBase"]
[SourceDate "2019.09.30"]
[SourceVersion "1"]
[SourceVersionDate "2019.09.30"]
[SourceQuality "1"]

1. e4 e5 2. Nf3 Nc6 3. Bb5 a6 4. Bxc6 dxc6 5. 0-0 f6 6. d4 exd4 7. Nxd4 c5 8. Ne2 Qxd1 9. Rxd1 Bd7 10. Bf4 0-0-0 11. Nbc3 Ne7 12. Bg3 Re8 13. f3 Bc6 14. Nf4 Ng6 15. Nxg6 hxg6 16. Nd5 Bxd5 17. Rxd5 Rh5 18. Rad1 Rxd5 19. Rxd5 Re6 20. c4 Be7 21. Kf2 b5 22. b3 bxc4 23. bxc4 Rb6 24. Rd2 Rb4 25. Rc2 Bd6 26. f4 a5 27. Ke3 Rb1 28. e5 Be7 29. Rc3 Rb6 30. Ra3 1/2-1/2

[Event "Suwalki Warakomska Memorial 3rd"]
[Site "Suwalki"]
[Date "2019.08.07"]
[Round "4"]
[White "Lis, Mateusz"]
[Black "Gurbanov, Andrei"]
[Result "0-1"]
[WhiteElo "2079"]
[BlackElo "2322"]
[PlyCount "88"]
[EventDate "2019.08.05"]
[EventType "swiss"]
[EventRounds "9"]
[EventCountry "POL"]
[SourceTitle "CBM 191 Extra"]
[Source "ChessBase"]
[SourceDate "2019.09.30"]
[SourceVersion "1"]
[SourceVersionDate "2019.09.30"]
[SourceQuality "1"]

1. e4 e5 2. Nf3 Nc6 3. Bb5 f5 4. Nc3 fxe4 5. Nxe4 Nf6 6. d3 d5 7. Nxf6+ Qxf6 8. Bg5 Qf5 9. Qe2 Bd6 10. g4 Qxg4 11. Bxc6+ bxc6 12. Rg1 Qh5 13. Nd2 Qxe2+ 14. Kxe2 0-0 15. Rg2 Bh3 16. Rg3 Bd7 17. Bh6 Rf7 18. Rag1 g6 19. R3g2 Rf5 20. h4 Re8 21. Bg5 Ref8 22. Nf1 e4 23. d4 Rb8 24. b3 Kh8 25. h5 Be8 26. Ne3 Rf3 27. Ng4 Rh3 28. Bf6+ Kg8 29. Be5 Bxe5 30. dxe5 Kg7 31. Nf6 Bf7 32. Nxh7 Rxh5 33. Nf6 Rh3 34. Rg4 Rbh8 35. Rf4 R8h4 36. Rf5 Kf8 37. Nd7+ Ke7 38. Rf6 Rf3 39. Nb8 Rxf6 40. exf6+ Kd6 41. c4 Rf4 42. c5+ Kxc5 43. Rc1+ Kb6 44. b4 Be8 0-1

[Event "Suwalki Warakomska Memorial 3rd"]
[Site "Suwalki"]
[Date "2019.08.05"]
[Round "1"]
[White "Paszewski, Mateusz"]
[Black "Lis, Mateusz"]
[Result "1/2-1/2"]
[WhiteElo "2329"]
[BlackElo "2079"]
[PlyCount "68"]
[EventDate "2019.08.05"]
[EventType "swiss"]
[EventRounds "9"]
[EventCountry "POL"]
[SourceTitle "CBM 191 Extra"]
[Source "ChessBase"]
[SourceDate "2019.09.30"]
[SourceVersion "1"]
[SourceVersionDate "2019.09.30"]
[SourceQuality "1"]

1. Nf3 Nf6 2. g3 d5 3. Bg2 e6 4. 0-0 Bd6 5. c4 0-0 6. b3 Nbd7 7. Bb2 b6 8. Nc3 Bb7 9. e3 c5 10. cxd5 Nxd5 11. Nxd5 Bxd5 12. d4 Nf6 13. Rc1 Rc8 14. Qe2 Qe7 15. Qa6 Bb7 16. Qe2 Rfd8 17. Rfd1 h6 18. dxc5 Bxc5 19. Ne5 Bxg2 20. Kxg2 Nd7 21. Nxd7 Rxd7 22. Qg4 f5 23. Qg6 Rcd8 24. Rxd7 Qxd7 25. Kg1 Bf8 26. Bd4 Rc8 27. Rxc8 Qxc8 28. h4 Qd7 29. Kh2 Bc5 30. Be5 a5 31. h5 Bf8 32. Bd4 Bc5 33. Be5 Bf8 34. Bd4 Bc5 1/2-1/2

[Event "POL-ch U18"]
[Site "Szklarska Poreba"]
[Date "2019.03.13"]
[Round "6"]
[White "Lis, Mateusz"]
[Black "Kukula, Karol"]
[Result "1/2-1/2"]
[WhiteElo "2156"]
[BlackElo "1785"]
[PlyCount "64"]
[EventDate "2019.03.09"]
[EventType "swiss"]
[EventRounds "9"]
[EventCountry "POL"]
[SourceTitle "CBM 189 Extra"]
[Source "ChessBase"]
[SourceDate "2019.05.31"]
[SourceVersion "1"]
[SourceVersionDate "2019.05.31"]
[SourceQuality "1"]

1. e4 d5 2. exd5 Qxd5 3. Nc3 Qd8 4. d4 Nf6 5. Nf3 g6 6. g3 Bg7 7. Bg2 0-0 8. 0-0 Nc6 9. h3 Be6 10. Be3 Nd5 11. Ne2 Nxe3 12. fxe3 Bc4 13. Nd2 Bxe2 14. Qxe2 e5 15. d5 Ne7 16. c4 Nf5 17. Ne4 Nd6 18. Nxd6 Qxd6 19. e4 f5 20. Rae1 Rae8 21. Qc2 Qc5+ 22. Kh1 fxe4 23. Bxe4 Rxf1+ 24. Rxf1 Rf8 25. Rxf8+ Bxf8 26. h4 Qe3 27. Kg2 Bc5 28. Kh3 Kg7 29. b3 b6 30. Bg2 a5 31. Be4 Bd4 32. Qg2 Kg8 1/2-1/2

[Event "POL-ch U18"]
[Site "Szklarska Poreba"]
[Date "2019.03.12"]
[Round "5"]
[White "Galuszka, Tomasz"]
[Black "Lis, Mateusz"]
[Result "1/2-1/2"]
[WhiteElo "2016"]
[BlackElo "2156"]
[PlyCount "118"]
[EventDate "2019.03.09"]
[EventType "swiss"]
[EventRounds "9"]
[EventCountry "POL"]
[SourceTitle "CBM 189 Extra"]
[Source "ChessBase"]
[SourceDate "2019.05.31"]
[SourceVersion "1"]
[SourceVersionDate "2019.05.31"]
[SourceQuality "1"]

1. e4 c5 2. Nf3 e6 3. d4 cxd4 4. Nxd4 Nc6 5. Nc3 Qc7 6. Be3 a6 7. Be2 Nf6 8. 0-0 Be7 9. f4 d6 10. Qe1 0-0 11. Qg3 Nxd4 12. Bxd4 b5 13. a3 Bb7 14. Kh1 Rad8 15. Rae1 Qd7 16. Bd3 Bc6 17. Re3 g6 18. Qh3 e5 19. fxe5 dxe5 20. Bb6 Rb8 21. Qxd7 Nxd7 22. Ba5 Nb6 23. Bxb6 Rxb6 24. Nd5 Bxd5 25. exd5 f6 26. g4 Rd8 27. Be4 Rc8 28. Kg2 Kg7 29. c3 a5 30. Ra1 Rc4 31. h3 Bc5 32. Re2 Bd6 33. Bd3 Rc5 34. Be4 Rc7 35. Bd3 Rf7 36. a4 b4 37. Bb5 Rc7 38. Rc1 f5 39. c4 e4 40. Rf1 Rf7 41. Be8 Re7 42. Bc6 f4 43. Kh1 f3 44. Ree1 Rb8 45. c5 Bxc5 46. d6 Bxd6 47. Rxe4 Rc7 48. Rc4 Rbc8 49. Rfc1 Rf8 50. b3 Re7 51. Re4 Rxe4 52. Bxe4 Re8 53. Rc4 Bb8 54. Kg1 Rf8 55. Kf2 Ba7+ 56. Kf1 Be3 57. Rc7+ Kh8 58. Bb7 Rf4 59. Re7 Bd4 1/2-1/2

[Event "Krakow op-A 29th"]
[Site "Krakow"]
[Date "2018.12.30"]
[Round "5"]
[White "Ojas, Kulkarni"]
[Black "Lis, Mateusz"]
[Result "1/2-1/2"]
[WhiteElo "2282"]
[BlackElo "2123"]
[PlyCount "41"]
[EventDate "2018.12.27"]
[EventType "swiss"]
[EventRounds "9"]
[EventCountry "POL"]
[SourceTitle "CBM 189 Extra"]
[Source "ChessBase"]
[SourceDate "2019.05.31"]
[SourceVersion "1"]
[SourceVersionDate "2019.05.31"]
[SourceQuality "1"]

1. c4 e5 2. g3 g6 3. Bg2 Bg7 4. Nc3 Nc6 5. e4 d6 6. Nge2 Nge7 7. d3 0-0 8. 0-0 h6 9. Be3 Nd4 10. Qd2 Kh7 11. f4 f5 12. Nd5 Nxe2+ 13. Qxe2 c6 14. Nxe7 Qxe7 15. Qd2 Be6 16. Rac1 Rad8 17. b4 exf4 18. gxf4 c5 19. a3 b6 20. Rfe1 Qf7 21. exf5 1/2-1/2

[Event "Krakow op-A 29th"]
[Site "Krakow"]
[Date "2018.12.29"]
[Round "4"]
[White "Lis, Mateusz"]
[Black "Tomaszewski, Roman"]
[Result "1-0"]
[WhiteElo "2123"]
[BlackElo "2216"]
[PlyCount "69"]
[EventDate "2018.12.27"]
[EventType "swiss"]
[EventRounds "9"]
[EventCountry "POL"]
[SourceTitle "CBM 189 Extra"]
[Source "ChessBase"]
[SourceDate "2019.05.31"]
[SourceVersion "1"]
[SourceVersionDate "2019.05.31"]
[SourceQuality "1"]

1. e4 Nf6 2. e5 Nd5 3. d4 d6 4. c4 Nb6 5. exd6 cxd6 6. Nc3 g6 7. Bg5 Bg7 8. Rc1 h6 9. Be3 d5 10. c5 Nc4 11. Bxc4 dxc4 12. Qa4+ Nc6 13. Nge2 Be6 14. Rd1 Bd5 15. Nxd5 Qxd5 16. Nf4 Qd8 17. Qxc4 0-0 18. 0-0 e5 19. dxe5 Nxe5 20. Qb4 Qc8 21. h3 Re8 22. Rd6 Bf8 23. Nd5 Bg7 24. Rd1 Nc6 25. Qa3 Kh7 26. Nf6+ Bxf6 27. Rxf6 Qc7 28. Bf4 Qe7 29. Qc3 Rad8 30. Bd6 Qd7 31. Qb3 Re6 32. Rxe6 fxe6 33. Kh2 Qf7 34. Rd3 Kg8 35. Rf3 1-0

[Event "Krakow op-A 29th"]
[Site "Krakow"]
[Date "2018.12.28"]
[Round "2"]
[White "Lis, Mateusz"]
[Black "Nurkiewicz, Maciej"]
[Result "1-0"]
[WhiteElo "2123"]
[BlackElo "2359"]
[PlyCount "71"]
[EventDate "2018.12.27"]
[EventType "swiss"]
[EventRounds "9"]
[EventCountry "POL"]
[SourceTitle "CBM 189 Extra"]
[Source "ChessBase"]
[SourceDate "2019.05.31"]
[SourceVersion "1"]
[SourceVersionDate "2019.05.31"]
[SourceQuality "1"]

1. e4 c5 2. Nf3 d6 3. d4 cxd4 4. Nxd4 Nf6 5. Nc3 a6 6. Be3 e6 7. Be2 Nbd7 8. 0-0 Be7 9. Kh1 Qc7 10. f4 b5 11. Bf3 Bb7 12. a3 0-0 13. Qe1 Nb6 14. Rd1 Rac8 15. Bc1 Rfd8 16. Qg3 Nc4 17. f5 e5 18. Nde2 Kh8 19. Qh3 Qc5 20. g4 Ne3 21. g5 Ng8 22. Bxe3 Qxe3 23. f6 gxf6 24. Rd3 Rxc3 25. bxc3 Bc8 26. Qxc8 Qxd3 27. Qxd8 Qxf3+ 28. Rxf3 Bxd8 29. Ng3 Kg7 30. Nf5+ Kf8 31. c4 bxc4 32. Nxd6 Bc7 33. Nxc4 fxg5 34. Ne3 Kg7 35. Nf5+ Kg6 36. Rc3 1-0

[Event "Baltic Cup 2nd"]
[Site "Darlowo"]
[Date "2018.06.24"]
[Round "1"]
[White "Tomczak, Jacek"]
[Black "Lis, Mateusz"]
[Result "1-0"]
[WhiteElo "2598"]
[BlackElo "2102"]
[PlyCount "59"]
[EventDate "2018.06.24"]
[EventType "swiss"]
[EventRounds "9"]
[EventCountry "POL"]
[SourceTitle "CBM 185 Extra"]
[Source "ChessBase"]
[SourceDate "2018.07.29"]
[SourceVersion "1"]
[SourceVersionDate "2018.07.29"]
[SourceQuality "1"]

1. e4 c5 2. Nf3 e6 3. d4 cxd4 4. Nxd4 a6 5. Bd3 Nf6 6. 0-0 Qc7 7. Qe2 d6 8. f4 g6 9. Nc3 Nbd7 10. f5 e5 11. Ne6 fxe6 12. fxe6 Nb6 13. Rxf6 Be7 14. Rf1 Bxe6 15. a4 Rc8 16. Kh1 Qd8 17. a5 Nd7 18. Nd5 Bxd5 19. exd5 Nc5 20. Bh6 Nxd3 21. Qxd3 Qd7 22. Rf2 Bf8 23. Qe3 Rc7 24. Raf1 Bxh6 25. Qxh6 Qg7 26. Qe3 Kd8 27. Qb6 Kc8 28. Qa7 Rd8 29. Qa8+ Kd7 30. Rf7+ 1-0

[Event "POL-ch rapid"]
[Site "Zgierz"]
[Date "2018.03.04"]
[Round "2"]
[White "Lis, Mateusz"]
[Black "Kyc, Jerzy"]
[Result "1/2-1/2"]
[WhiteElo "2132"]
[BlackElo "2242"]
[PlyCount "109"]
[EventDate "2018.03.04"]
[EventType "swiss (rapid)"]
[EventRounds "9"]
[EventCountry "POL"]
[SourceTitle "CBM 183 Extra"]
[Source "ChessBase"]
[SourceDate "2018.04.19"]
[SourceVersion "1"]
[SourceVersionDate "2018.04.19"]
[SourceQuality "1"]

1. e4 c5 2. Nf3 d6 3. d4 cxd4 4. Nxd4 Nf6 5. Nc3 a6 6. Be3 e5 7. Nf3 Be7 8. Bc4 0-0 9. 0-0 Nbd7 10. Qe2 b5 11. Bd5 Nxd5 12. Nxd5 Bb7 13. Rfd1 Bxd5 14. Rxd5 Nf6 15. Rdd1 Qc7 16. Bg5 Rac8 17. Bxf6 Bxf6 18. c3 Be7 19. Ne1 f5 20. Nc2 fxe4 21. Qxe4 Rf4 22. Qd5+ Kh8 23. Ne3 Rcf8 24. Rd2 Bg5 25. Re1 R4f6 26. Qd3 Bxe3 27. Qxe3 Qc4 28. a3 a5 29. f3 b4 30. cxb4 axb4 31. Red1 bxa3 32. Qxa3 e4 33. Rxd6 Qe2 34. R6d2 Qb5 35. Qe3 exf3 36. gxf3 Rg6+ 37. Kh1 Qb8 38. Rf2 h6 39. Qe4 Rb6 40. Rg1 Rb4 41. Qg6 Qe5 42. Re2 Qc7 43. Re8 Rbf4 44. Rxf8+ Rxf8 45. Qe4 Rf4 46. Qe8+ Kh7 47. Qg6+ Kg8 48. Qxh6 Rxf3 49. Qe6+ Kf8 50. Qe4 Rf2 51. Qa8+ Kf7 52. Qd5+ Kf8 53. Qa8+ Kf7 54. Qd5+ Kf8 55. Qa8+ 1/2-1/2

[Event "Krakow op-A 28th"]
[Site "Krakow"]
[Date "2017.12.28"]
[Round "2"]
[White "Lis, Mateusz"]
[Black "Eggink, Ryszard"]
[Result "1/2-1/2"]
[WhiteElo "2113"]
[BlackElo "2333"]
[PlyCount "116"]
[EventDate "2017.12.27"]
[EventType "swiss"]
[EventRounds "9"]
[EventCountry "POL"]
[SourceTitle "CBM 182 Extra"]
[Source "ChessBase"]
[SourceDate "2018.02.23"]
[SourceVersion "1"]
[SourceVersionDate "2018.02.23"]
[SourceQuality "1"]

1. e4 e6 2. d4 d5 3. e5 c5 4. c3 Nc6 5. Nf3 Qb6 6. a3 c4 7. g3 Bd7 8. Bh3 Na5 9. Nbd2 Be7 10. 0-0 h5 11. Bg2 Nh6 12. h3 0-0-0 13. Rb1 Kb8 14. Re1 g5 15. Nh2 Rdg8 16. Ndf1 Nb3 17. Be3 Be8 18. Nd2 Nxd2 19. Bxd2 Qa6 20. b3 cxb3 21. Qxb3 Ba4 22. Qb2 b6 23. Bf1 Qb7 24. Bb5 Bxb5 25. Qxb5 Bxa3 26. Ra1 Be7 27. Ra4 Rc8 28. Rea1 Rc7 29. Rxa7 Qxa7 30. Rxa7 Kxa7 31. Nf1 Nf5 32. Ne3 Nxe3 33. Bxe3 Kb7 34. Bd2 Ra8 35. Qb1 Bd8 36. Qb2 Ra4 37. Qb3 Rac4 38. Qb5 R7c6 39. Kf1 f6 40. exf6 Bxf6 41. f4 gxf4 42. gxf4 h4 43. Ke2 Rc8 44. f5 R4c6 45. fxe6 Rxe6+ 46. Kd1 Rd8 47. Qd3 Re4 48. Qf3 Be7 49. Kc2 Rf8 50. Qh5 Kc6 51. Qg6+ Bd6 52. Qg2 Bg3 53. Kd3 Rf2 54. Qg1 Rf3+ 55. Kc2 Re2 56. Qa1 Kb7 57. Qh1 Ref2 58. Kb3 Kc6 1/2-1/2

[Event "EU-ch blitz"]
[Site "Katowice"]
[Date "2017.12.15"]
[Round "4"]
[White "Dragnev, Valentin"]
[Black "Lis, Mateusz"]
[Result "1/2-1/2"]
[WhiteElo "2458"]
[BlackElo "2113"]
[PlyCount "114"]
[EventDate "2017.12.15"]
[EventType "swiss (blitz)"]
[EventRounds "22"]
[EventCountry "POL"]
[SourceTitle "CBM 182 Extra"]
[Source "ChessBase"]
[SourceDate "2018.02.23"]
[SourceVersion "1"]
[SourceVersionDate "2018.02.23"]
[SourceQuality "1"]

1. e4 c5 2. Nf3 e6 3. d4 cxd4 4. c3 Nf6 5. e5 Nd5 6. cxd4 d6 7. a3 Nc6 8. Bd3 Be7 9. 0-0 0-0 10. Qe2 Bd7 11. Rd1 Rc8 12. Nc3 Nxc3 13. bxc3 dxe5 14. dxe5 Qc7 15. Qe4 g6 16. Bh6 Rfd8 17. h4 Na5 18. Ng5 Ba4 19. Qxa4 Qxe5 20. Bf1 Qxc3 21. Rxd8+ Rxd8 22. Rd1 Qc7 23. Ne4 Nc6 24. Qc2 Bxh4 25. g3 Be7 26. Bf4 Qa5 27. Rb1 Nd4 28. Qc7 Qxc7 29. Bxc7 Rd7 30. Rxb7 f5 31. Nc3 Bxa3 32. Rxa7 Bc5 33. Ra8+ Kf7 34. Bf4 e5 35. Bh6 g5 36. Ra6 Rd6 37. Na4 Rxa6 38. Bxa6 Be7 39. f4 exf4 40. gxf4 Kg6 41. fxg5 Bxg5 42. Bxg5 Kxg5 43. Nc3 h5 44. Bc4 h4 45. Bd5 Kg4 46. Nd1 Ne2+ 47. Kf2 Nf4 48. Ne3+ Kg5 49. Bh1 Nd3+ 50. Ke2 Ne5 51. Nd5 Ng4 52. Kf3 Ne5+ 53. Kg2 f4 54. Kh2 f3 55. Kh3 f2 56. Kg2 Ng4 57. Kf1 h3 1/2-1/2

[Event "EU-ch blitz"]
[Site "Katowice"]
[Date "2017.12.15"]
[Round "3"]
[White "Lis, Mateusz"]
[Black "Dragnev, Valentin"]
[Result "1-0"]
[WhiteElo "2113"]
[BlackElo "2458"]
[PlyCount "105"]
[EventDate "2017.12.15"]
[EventType "swiss (blitz)"]
[EventRounds "22"]
[EventCountry "POL"]
[SourceTitle "CBM 182 Extra"]
[Source "ChessBase"]
[SourceDate "2018.02.23"]
[SourceVersion "1"]
[SourceVersionDate "2018.02.23"]
[SourceQuality "1"]

1. e4 e5 2. Nf3 Nc6 3. Bb5 a6 4. Bxc6 dxc6 5. 0-0 Bg4 6. h3 Bh5 7. d3 Bd6 8. Be3 Ne7 9. Nbd2 c5 10. b3 Qd7 11. Qe2 Nc6 12. c3 f6 13. Rfd1 0-0 14. Rab1 Qe7 15. Nc4 Rae8 16. Re1 Qe6 17. Ncd2 h6 18. Qf1 b5 19. Nh4 Ne7 20. Ra1 Kh7 21. a4 g5 22. Nf5 Nxf5 23. exf5 Qd5 24. c4 Qc6 25. axb5 axb5 26. cxb5 Qxb5 27. Rec1 g4 28. hxg4 Bxg4 29. Ra7 Bxf5 30. Nc4 Kg6 31. Nxd6 cxd6 32. Rc4 Ra8 33. Rxa8 Rxa8 34. Qd1 Qb7 35. Rh4 Rh8 36. Qh5+ Kg7 37. Qxf5 Qxb3 38. Rg4+ Kf7 39. Qd7+ Kf8 40. Qg7+ Ke8 41. Qxh8+ Kd7 42. Qg7+ Kc6 43. Kh2 Qxd3 44. Rg3 c4 45. Qa7 Kd5 46. Qa5+ Ke6 47. Bxh6 Qh7 48. Rh3 Qf5 49. Qb4 d5 50. Qb6+ Kf7 51. Be3 d4 52. Qc7+ Kg6 53. Qh7# 1-0

[Event "POL-ch U16 rapid"]
[Site "Wroclaw"]
[Date "2017.08.08"]
[Round "11"]
[White "Kosakowski, Jakub"]
[Black "Lis, Mateusz"]
[Result "1-0"]
[WhiteElo "2106"]
[BlackElo "1958"]
[PlyCount "87"]
[EventDate "2017.08.06"]
[EventType "swiss (rapid)"]
[EventRounds "11"]
[EventCountry "POL"]
[SourceTitle "CBM 180 Extra"]
[Source "ChessBase"]
[SourceDate "2017.10.06"]
[SourceVersion "1"]
[SourceVersionDate "2017.10.06"]
[SourceQuality "1"]

1. e4 c5 2. Nf3 e6 3. d3 Nc6 4. g3 d5 5. Qe2 Nf6 6. Bg2 Be7 7. 0-0 b6 8. e5 Nd7 9. c4 dxc4 10. dxc4 Qc7 11. Nc3 a6 12. Bf4 h6 13. Nd5 Qd8 14. Nxe7 Qxe7 15. h4 Bb7 16. Rfd1 0-0 17. Qe3 Nd4 18. Nxd4 cxd4 19. Qxd4 Bxg2 20. Kxg2 Nc5 21. b4 Rad8 22. Qe3 Qb7+ 23. f3 Na4 24. Rd6 Rc8 25. Qb3 b5 26. c5 a5 27. a3 axb4 28. axb4 Qa8 29. Rad1 Rfd8 30. Rxd8+ Rxd8 31. Rd6 Rc8 32. Qd3 Qb8 33. Qd2 Qa8 34. h5 Qb7 35. g4 Ra8 36. Kg3 Rc8 37. g5 hxg5 38. Bxg5 Ra8 39. c6 Qa7 40. Rd8+ Rxd8 41. Qxd8+ Kh7 42. Qd3+ Kg8 43. Be3 Qe7 44. Qd6 1-0

[Event "POL-ch U16 rapid"]
[Site "Wroclaw"]
[Date "2017.08.06"]
[Round "3"]
[White "Pacan Milej, Kosma"]
[Black "Lis, Mateusz"]
[Result "1-0"]
[WhiteElo "1851"]
[BlackElo "1958"]
[PlyCount "89"]
[EventDate "2017.08.06"]
[EventType "swiss (rapid)"]
[EventRounds "11"]
[EventCountry "POL"]
[SourceTitle "CBM 180 Extra"]
[Source "ChessBase"]
[SourceDate "2017.10.06"]
[SourceVersion "1"]
[SourceVersionDate "2017.10.06"]
[SourceQuality "1"]

1. d4 Nf6 2. Nf3 g6 3. c4 Bg7 4. g3 d6 5. Bg2 0-0 6. 0-0 Nbd7 7. Nc3 e5 8. e4 exd4 9. Nxd4 Re8 10. h3 Nc5 11. Re1 a5 12. b3 Bd7 13. Rb1 Qc8 14. g4 Ne6 15. Be3 c6 16. Qd2 Nxd4 17. Bxd4 Be6 18. f4 Bd7 19. Rbd1 c5 20. Bf2 Bc6 21. Bf3 Nd7 22. Kg2 Nf8 23. Nd5 Bxd5 24. exd5 Rxe1 25. Rxe1 a4 26. b4 b5 27. bxc5 bxc4 28. c6 c3 29. Qc2 a3 30. Rb1 Rb8 31. Rb3 Ra8 32. Be1 g5 33. Bxc3 Bxc3 34. Qxc3 Ng6 35. fxg5 Qe8 36. Rb7 Rc8 37. Qf6 Nh4+ 38. Kf2 Nxf3 39. Qxf3 Rb8 40. Qb3 Rc8 41. Qe3 Qf8 42. Qe7 Qg7 43. Qf6 Qf8 44. Rd7 Rb8 45. c7 1-0

[Event "Katowice POL-HUN 5th"]
[Site "Katowice"]
[Date "2017.05.21"]
[Round "7"]
[White "Lis, Mateusz"]
[Black "Kaczmarek, Arkadiusz"]
[Result "1-0"]
[WhiteElo "2139"]
[BlackElo "1930"]
[PlyCount "65"]
[EventDate "2017.05.20"]
[EventType "swiss (rapid)"]
[EventRounds "9"]
[EventCountry "POL"]
[SourceTitle "CBM 178 Extra"]
[Source "ChessBase"]
[SourceDate "2017.06.22"]
[SourceVersion "1"]
[SourceVersionDate "2017.06.22"]
[SourceQuality "1"]

1. e4 d5 2. exd5 Nf6 3. d4 Nxd5 4. Nf3 g6 5. Bd3 Bg7 6. c3 0-0 7. 0-0 Nc6 8. Nbd2 e5 9. dxe5 Nxc3 10. Qc2 Nd5 11. Be4 Be6 12. Nc4 Ndb4 13. Qc3 Qe7 14. Bg5 Qc5 15. Ne3 Qb5 16. a4 Qa5 17. Bf6 Rfe8 18. Rfe1 Bf8 19. Ng5 Bc5 20. Nf5 Bf8 21. Qh3 h5 22. Nxe6 Rxe6 23. f4 Ne7 24. Nxe7+ Bxe7 25. f5 Rxf6 26. exf6 Bxf6 27. fxg6 fxg6 28. Bxg6 Qc5+ 29. Kh1 h4 30. Qe6+ Kg7 31. Qf7+ Kh6 32. Qh7+ Kg5 33. Qh5+ 1-0